| 000 | 00388nam a22001577a 4500 | ||
|---|---|---|---|
| 005 | 20251010122725.0 | ||
| 008 | 250929b |||||||| |||| 00| 0 eng d | ||
| 020 | _a978-93-48189-05-9 | ||
| 041 | _aeng | ||
| 082 | _a423 CHA-M | ||
| 100 |
_aCHATURVEDI, HARIHAR PRASAD _98702 |
||
| 245 | _aMUHAVIRA KOSH | ||
| 260 |
_aUTTAR PRADESH _bAKSHAR PLANT _c2024 |
||
| 300 | _a128;P | ||
| 942 | _cBK | ||
| 999 |
_c8837 _d8835 |
||